| 000 | 00698nam1a22002171i 4500 | ||
|---|---|---|---|
| 001 | rc\468915 | ||
| 005 | 20260407015615.0 | ||
| 035 | _a(NLR Aleph) 005808405 | ||
| 090 |
_a5364365 _c5364365 |
||
| 100 | _a20030616d1987 u |0rusy50 ca | ||
| 101 | 0 | _arus | |
| 102 | _aRU | ||
| 105 | _ay ||||||||| | ||
| 200 | 1 |
_aИЛ-86 _eСамолет и двигатель _eМетод. разраб. _eАТБ-21 УТЦ _fВнук. произв. об-ние |
|
| 210 |
_a[М.] _cБ. и. _d1987 |
||
| 215 | _d28 | ||
| 712 | 0 | 2 |
_aВнуковское произв. об-ние _cМосква _9505575 _3RU\NLR\AUTH\8810004145 |
| 801 | 0 |
_aRU _bNLR _gpsbo |
|
| 801 | 1 |
_aRU _bELAR _2rusmarc |
|
| 852 |
_aNLR _j88-8/1471 |
||
| 942 | _cBOOK | ||